| 000 | 00711nam a22002057a 4500 | ||
|---|---|---|---|
| 005 | 20171213114705.0 | ||
| 010 | _aENG-121864 | ||
| 020 |
_a9788188965953 _c795.00 |
||
| 035 | _aEN-105396 | ||
| 037 | _bDBAD/PUB | ||
| 082 | _a305.40954 | ||
| 245 |
_aCentre Stage : _bGender,politics and performance in South Asia / _cedited by Sheema Kermani,Asif Farrukhi [and] Kamran Asdar ali |
||
| 260 |
_aPakistan _bOxford university press _c2016 |
||
| 270 |
_aNo.38,Sector 15,Korangi industrial area PO box 8214,Karachi _bPakistan _e74900 |
||
| 300 |
_axi,314p. _c22cm(Hb) |
||
| 700 | _a Kermani,Sheema | ||
| 700 | _aAsif Farrukhi | ||
| 700 | _aKamran Asdar ali | ||
| 942 |
_2ddc _cEN _h305.40954 _mCEN |
||
| 999 |
_c147975 _d147975 |
||